Phương pháp tiếp cận mới về quy hoạch và quản lý đô thị

Sách tập hợp các kết quả nghiên cứu của tác giả đã công bố trước đây để giúp các bạn đọc quan tâm vấn đề quy hoạch và quản lý đô thị có thêm tài liệu tham khảo.

Uloženo v:
Podrobná bibliografie
Hlavní autor: Nguyễn, Đăng Sơn
Médium: Kniha
Jazyk:Undetermined
Vydáno: Hà Nội Xây dựng 2005
Témata:
Tagy: Přidat tag
Žádné tagy, Buďte první, kdo otaguje tento záznam!
Thư viện lưu trữ: Trung tâm Học liệu Trường Đại học Cần Thơ
LEADER 00942nam a2200229Ia 4500
001 CTU_141859
008 210402s9999 xx 000 0 und d
020 |c 40000 
082 |a 711.4 
082 |b S464 
100 |a Nguyễn, Đăng Sơn 
245 0 |a Phương pháp tiếp cận mới về quy hoạch và quản lý đô thị 
245 0 |c Nguyễn Đăng Sơn 
260 |a Hà Nội 
260 |b Xây dựng 
260 |c 2005 
520 |a Sách tập hợp các kết quả nghiên cứu của tác giả đã công bố trước đây để giúp các bạn đọc quan tâm vấn đề quy hoạch và quản lý đô thị có thêm tài liệu tham khảo. 
526 |a Quản lý đô thị 
526 |b MT158 
650 |a City planning,Quy hoạch đô thị 
904 |i Trọng Hải 
980 |a Trung tâm Học liệu Trường Đại học Cần Thơ